<?xml version='1.0' encoding='UTF-8'?><?xml-stylesheet href='static/style.xsl' type='text/xsl'?><OAI-PMH xmlns="http://www.openarchives.org/OAI/2.0/" xmlns:xsi="http://www.w3.org/2001/XMLSchema-instance" xsi:schemaLocation="http://www.openarchives.org/OAI/2.0/ http://www.openarchives.org/OAI/2.0/OAI-PMH.xsd"><responseDate>2026-05-01T10:26:21Z</responseDate><request verb="GetRecord" identifier="oai:ebiltegia.mondragon.edu:20.500.11984/4826" metadataPrefix="marc">https://ebiltegia.mondragon.edu/oai/request</request><GetRecord><record><header><identifier>oai:ebiltegia.mondragon.edu:20.500.11984/4826</identifier><datestamp>2024-01-04T21:57:01Z</datestamp><setSpec>com_20.500.11984_1736</setSpec><setSpec>com_20.500.11984_1627</setSpec><setSpec>col_20.500.11984_1972</setSpec></header><metadata><record xmlns="http://www.loc.gov/MARC21/slim" xmlns:dcterms="http://purl.org/dc/terms/" xmlns:xsi="http://www.w3.org/2001/XMLSchema-instance" xmlns:doc="http://www.lyncode.com/xoai" xsi:schemaLocation="http://www.loc.gov/MARC21/slim http://www.loc.gov/standards/marcxml/schema/MARC21slim.xsd">
   <leader>00925njm 22002777a 4500</leader>
   <datafield ind2=" " ind1=" " tag="042">
      <subfield code="a">dc</subfield>
   </datafield>
   <datafield ind2=" " ind1=" " tag="720">
      <subfield code="a">Mondragon Unibertsitatea</subfield>
      <subfield code="e">author</subfield>
   </datafield>
   <datafield ind2=" " ind1=" " tag="260">
      <subfield code="c">2016-11-11</subfield>
   </datafield>
   <datafield ind2=" " ind1=" " tag="520">
      <subfield code="a">2016ko azaroaren 9tik 25era egongo da irekita epea eskatzeko Humanitateko eta Hezkuntzen Zientzien Fakultateak eskaintzen dituen Ikerketa Bekak. Fakultateak 10 beka esleitzea aurreikusten dut 2016-2017 ikasturtean unibertsitate masterra egiten ari diren ikasleen artean. Gainera, azaroaren 14an, astelehenez, Ikerketa Beka horien gaineko informazio saioa eskainiko da Eskoriatzako campusean, arratsaldeko 18:30etan, N.0.9 gelan. Bekak 1.200 eurokoak dira.</subfield>
   </datafield>
   <datafield ind2=" " ind1=" " tag="520">
      <subfield code="a">Entre los días 9 y 25 de noviembre de 2016, estará abierto el plazo de solicitudes para la concesión de Becas de Investigación ofrecidas por la Facultad de Humanidades y Ciencias de la Educación. La facultad ofertará 10 becas entre los estudiantes de máster matriculados en el curso 2016-2017. Además, el día 14 de noviembre, lunes, a las 18:30 se ofrecerá una sesión informativa sobre dichas ayudas. La sesión se llevará a cabo en el aula A.0.9 del campus de Eskoriatza. Cada beca tiene una dotación de 1.200 euros.</subfield>
   </datafield>
   <datafield ind1="8" ind2=" " tag="024">
      <subfield code="a">https://hdl.handle.net/20.500.11984/4826</subfield>
   </datafield>
   <datafield tag="653" ind2=" " ind1=" ">
      <subfield code="a">Humanitate eta Hezkuntza Zientzien Fakultatea</subfield>
   </datafield>
   <datafield ind2="0" ind1="0" tag="245">
      <subfield code="a">Ikerketa Beka 2016-2017 deialdia abian, Humanitate eta Hezkuntza Zientzien Fakultatean</subfield>
   </datafield>
   <datafield ind2="0" ind1="0" tag="245">
      <subfield code="a">Abierto el plazo de petición de Becas de Investigación para el curso 2016-2017 en la Facultad de Humanidades y Ciencias de la Educación</subfield>
   </datafield>
</record></metadata></record></GetRecord></OAI-PMH>